[Event "Davos Summer op"]
[Site "Davos"]
[Date "2021.08.06"]
[Round "2"]
[White "Galerne, Rene"]
[Black "Manukonda, Arun"]
[Result "0-1"]
[WhiteElo "1782"]
[BlackElo "2033"]
[PlyCount "42"]
[EventDate "2021.08.05"]
[EventType "swiss"]
[EventRounds "5"]
[EventCountry "SUI"]
[SourceTitle "EXT 2022"]
[Source "ChessBase"]
[SourceDate "2021.10.06"]
[SourceVersion "1"]
[SourceVersionDate "2021.10.06"]
[SourceQuality "1"]

1. e4 c5 2. c3 Nf6 3. e5 Nd5 4. d4 cxd4 5. Nf3 Nc6 6. cxd4 d6 7. Nc3 Nxc3 8. bxc3 dxe5 9. d5 e4 10. Ng5 Ne5 11. Bb5+ Bd7 12. Bxd7+ Qxd7 13. Nxe4 Qb5 14. Qb3 Nd3+ 15. Kd2 Qa6 16. c4 Nxc1 17. Raxc1 g6 18. f4 Bh6 19. g3 0-0 20. a4 f5 21. Nc5 Qa5+ 0-1

[Event "Davos Summer op"]
[Site "Davos"]
[Date "2021.08.06"]
[Round "3"]
[White "Tavernier, Loris"]
[Black "Galerne, Rene"]
[Result "1-0"]
[WhiteElo "1545"]
[BlackElo "1782"]
[PlyCount "59"]
[EventDate "2021.08.05"]
[EventType "swiss"]
[EventRounds "5"]
[EventCountry "SUI"]
[SourceTitle "EXT 2022"]
[Source "ChessBase"]
[SourceDate "2021.10.06"]
[SourceVersion "1"]
[SourceVersionDate "2021.10.06"]
[SourceQuality "1"]

1. Nf3 d5 2. c4 c6 3. g3 Nf6 4. Bg2 Bf5 5. cxd5 cxd5 6. Qb3 Qc7 7. Nc3 e6 8. d4 a6 9. Bf4 Bd6 10. Bxd6 Qxd6 11. Qxb7 Qc6 12. Qxc6+ Nxc6 13. 0-0 0-0 14. Rac1 Rfc8 15. e3 Rab8 16. b3 h6 17. h3 a5 18. g4 Bh7 19. Rfe1 g5 20. Bf1 Nb4 21. Ne5 Ne4 22. Nxe4 Bxe4 23. Nd7 Rxc1 24. Rxc1 Rb7 25. Nc5 Rc7 26. a3 Nc2 27. Nxe4 dxe4 28. b4 axb4 29. axb4 Rc6 30. b5 1-0